Bernd Schuster's Real Madrid - Statistics

General Stats
  • This quiz has been taken 19 times
  • The average score is 23 of 29
Answer Stats
Rank Player Position Nationality Matches Goals Assists % Correct
5 Fabio Cannavaro Centre-Back 55 1 0
100%
10 Marcelo Left-Back 47 0 5
100%
1 Raúl Second Striker 68 33 11
100%
11 Ruud van Nistelrooy Centre-Forward 45 30 10
100%
4 Guti Central Midfield 61 5 24
95%
2 Iker Casillas Goalkeeper 67 0 0
95%
16 Pepe Centre-Back 40 0 0
95%
3 Sergio Ramos Centre-Back 63 8 6
95%
9 Wesley Sneijder Attacking Midfield 51 11 9
95%
15 Arjen Robben Right Winger 42 6 9
89%
22 Christoph Metzelder Centre-Back 17 0 0
89%
6 Fernando Gago Defensive Midfield 54 1 6
89%
8 Gonzalo Higuaín Centre-Forward 53 21 6
89%
27 Jerzy Dudek Goalkeeper 7 0 0
89%
7 Mahamadou Diarra Defensive Midfield 53 0 2
89%
13 Robinho Left Winger 43 15 12
89%
19 Javier Saviola Second Striker 29 5 1
84%
21 Rafael van der Vaart Attacking Midfield 21 4 5
84%
12 Royston Drenthe Left Midfield 45 3 4
84%
14 Gabriel Heinze Centre-Back 42 2 2
79%
20 Míchel Salgado Right-Back 22 0 0
79%
18 Júlio Baptista Attacking Midfield 33 4 2
63%
24 Javier Balboa Right Winger 11 2 1
58%
26 Roberto Soldado Centre-Forward 8 0 0
53%
25 Javi García Defensive Midfield 9 0 0
42%
29 Jordi Codina Goalkeeper 1 0 0
42%
23 Rubén de la Red Central Midfield 11 2 2
42%
17 Miguel Torres Right-Back 35 0 0
37%
28 Alberto Bueno Second Striker 6 1 0
11%
No matching quizzes found
Score Distribution
Percent of People with Each Score
Percentile by Number Answered
Your Score History
You have not taken this quiz